Trafficking in women in the European Union: norms, advocacy-networks and policy-change
| Autor principal: | |
|---|---|
| Tipo de documento: | Print Libro |
| Lenguaje: | Inglés |
| Publicado: |
Wiesbaden
VS Verlag für Sozialwissenschaften
2007
|
| En: | Año: 2007 |
| Edición: | 1. Aufl. |
| Acceso en línea: |
Inhaltstext (Publisher) Índice Índice |
| Verificar disponibilidad: | HBZ Gateway |
| Servicio de pedido Subito: | Pedir ahora. |
| Palabras clave: |
MARC
| LEADER | 00000cam a2200000 c 4500 | ||
|---|---|---|---|
| 001 | 366031899 | ||
| 003 | DE-627 | ||
| 005 | 20260206203143.0 | ||
| 007 | tu | ||
| 008 | 030702s2007 gw ||||| m 00| ||eng c | ||
| 015 | |a 07,N16,0274 |2 dnb | ||
| 015 | |a 07,N16,0274 |2 dnb | ||
| 016 | 7 | |a 98360777X |2 DE-101 | |
| 020 | |a 3810039071 |c Pb. : EUR 59.90 |9 3-8100-3907-1 | ||
| 020 | |a 9783810039071 |c Pb. : EUR 59.90 |9 978-3-8100-3907-1 | ||
| 024 | 3 | |a 9783810039071 | |
| 024 | 8 | |a 024/33907 |q Best.-Nr. | |
| 035 | |a (DE-627)366031899 | ||
| 035 | |a (DE-603)128118423 | ||
| 035 | |a (DE-576)264220102 | ||
| 035 | |a (DE-599)GBV366031899 | ||
| 035 | |a (OCoLC)237018162 | ||
| 035 | |a (OCoLC)127106957 | ||
| 040 | |a DE-627 |b ger |c DE-627 |e rakwb | ||
| 041 | |a eng | ||
| 044 | |c XA-DE |c XA-DE-HE | ||
| 050 | 0 | |a HQ281 | |
| 082 | 0 | |a 364.1534094 |q BSZ | |
| 082 | 0 | 4 | |a 360 |
| 084 | |a MS 3000 |q BVB |2 rvk |0 (DE-625)rvk/123652: | ||
| 084 | |a PH 8820 |q BVB |2 rvk |0 (DE-625)rvk/136521: | ||
| 084 | |a MG 10285 |2 rvk |0 (DE-625)rvk/122815:12074 | ||
| 084 | |a 71.33 |2 bkl | ||
| 084 | |a 71.65 |2 bkl | ||
| 084 | |a 89.73 |2 bkl | ||
| 100 | 1 | |a Locher, Birgit |4 aut | |
| 245 | 1 | 0 | |a Trafficking in women in the European Union |b norms, advocacy-networks and policy-change |c Birgit Locher |
| 250 | |a 1. Aufl. | ||
| 264 | 1 | |a Wiesbaden |b VS Verlag für Sozialwissenschaften |c 2007 | |
| 300 | |a 440 S. |b graph. Darst. |c 210 mm x 148 mm | ||
| 336 | |a Text |b txt |2 rdacontent | ||
| 337 | |a ohne Hilfsmittel zu benutzen |b n |2 rdamedia | ||
| 338 | |a Band |b nc |2 rdacarrier | ||
| 500 | |a Zugl.: Bremen, Univ., Diss., 2002 | ||
| 502 | |a Zugl.: Bremen, Univ., Diss., 2002 | ||
| 583 | 1 | |a Archivierung prüfen |c 20240324 |f DE-4165 |z 3 |2 pdager | |
| 583 | 1 | |a Archivierung/Langzeitarchivierung gewährleistet |f PEHE |2 pdager |5 DE-43 | |
| 610 | 2 | 7 | |0 (DE-588)5098525-5 |0 (DE-627)132918269 |0 (DE-576)194702391 |a Europäische Union |2 gnd |
| 650 | 0 | |a Human Trafficking |z European Union countries | |
| 650 | 0 | |a Women |x Crimes against |z European Union countries | |
| 650 | 0 | |a Prostitution |x Prevention |z European Union countries | |
| 650 | 0 | |a Human Rights |z European Union countries | |
| 650 | 0 | 7 | |0 (DE-588)4114475-2 |0 (DE-627)104540613 |0 (DE-576)209484926 |a Frauenhandel |2 gnd |
| 655 | 7 | |a Hochschulschrift |0 (DE-588)4113937-9 |0 (DE-627)105825778 |0 (DE-576)209480580 |2 gnd-content | |
| 689 | 0 | 0 | |d b |0 (DE-588)5098525-5 |0 (DE-627)132918269 |0 (DE-576)194702391 |a Europäische Union |2 gnd |
| 689 | 0 | 1 | |d s |0 (DE-588)4114475-2 |0 (DE-627)104540613 |0 (DE-576)209484926 |a Frauenhandel |2 gnd |
| 689 | 0 | |5 DE-101 | |
| 689 | 1 | 0 | |d b |0 (DE-588)5098525-5 |0 (DE-627)132918269 |0 (DE-576)194702391 |a Europäische Union |2 gnd |
| 689 | 1 | 1 | |d s |0 (DE-588)4114475-2 |0 (DE-627)104540613 |0 (DE-576)209484926 |a Frauenhandel |2 gnd |
| 689 | 1 | |5 (DE-627) | |
| 751 | |a Bremen |0 (DE-588)4008135-7 |0 (DE-627)106369636 |0 (DE-576)208874569 |4 uvp | ||
| 856 | 4 | 2 | |u http://www.gbv.de/dms/bs/toc/366031899.pdf |m V:DE-601 |m B:DE-84 |q pdf/application |x Verlag |y Inhaltsverzeichnis |3 Inhaltsverzeichnis |7 1 |
| 856 | 4 | 2 | |u http://deposit.dnb.de/cgi-bin/dokserv?id=2934838&prov=M&dok_var=1&dok_ext=htm |m X: MVB |q text/html |v 20130501 |x Verlag |3 Inhaltstext |7 1 |
| 856 | 4 | 2 | |u http://scans.hebis.de/HEBCGI/show.pl?12811842_toc.pdf |m V:DE-605 |q application/pdf |3 Inhaltsverzeichnis |7 1 |
| 935 | |a mkri | ||
| 935 | |i Blocktest | ||
| 936 | r | v | |a MS 3000 |b Allgemeines |k Soziologie |k Spezielle Soziologien |k Soziologische Geschlechterforschung (Gender Studies) |k Spezielle Forschungsgebiete der soziologischen Geschlechterforschung |k Allgemeines |0 (DE-627)1270705695 |0 (DE-625)rvk/123652: |0 (DE-576)200705695 |
| 936 | r | v | |a PH 8820 |b Gewalt / Sexualverhalten; Vergewaltigung, Sexueller Missbrauch, Sexuelle Nötigung; Kind / Sexueller Missbrauch; Pornographie; Prostitution; Zuhälterei; Abweichendes Sexualverhalten |k Rechtswissenschaft |k Strafrecht, Strafverfahrensrecht, Kriminologie |k Kriminologie |k Einzelne Deliktsgruppen |k Sexualkriminalität |k Gewalt / Sexualverhalten; Vergewaltigung, Sexueller Missbrauch, Sexuelle Nötigung; Kind / Sexueller Missbrauch; Pornographie; Prostitution; Zuhälterei; Abweichendes Sexualverhalten |0 (DE-627)1271675048 |0 (DE-625)rvk/136521: |0 (DE-576)201675048 |
| 936 | r | v | |a MG 10285 |b Frauenverbände (Frauen und Politik) |k Politologie |k Politische Systeme einzelner Länder |k Europa, Nordamerika |k Studien über mehrere Länder |k Interessenverbände, politische Gruppen |k Frauenverbände (Frauen und Politik) |0 (DE-627)1272091597 |0 (DE-625)rvk/122815:12074 |0 (DE-576)202091597 |
| 936 | b | k | |a 71.33 |j Frau |x Soziologie |0 (DE-627)106412671 |
| 936 | b | k | |a 71.65 |j Kriminalität als soziales Problem |0 (DE-627)106412248 |
| 936 | b | k | |a 89.73 |j Europapolitik |j Europäische Union |0 (DE-627)181570599 |
| 936 | s | n | |a m100 |2 mzub |
| 936 | s | n | |a m200 |2 mzub |
| 951 | |a BO | ||
| ELC | |b 1 | ||
| LOK | |0 000 xxxxxcx a22 zn 4500 | ||
| LOK | |0 001 3109291576 | ||
| LOK | |0 003 DE-627 | ||
| LOK | |0 004 366031899 | ||
| LOK | |0 005 20070917175755 | ||
| LOK | |0 008 070917||||||||||||||||ger||||||| | ||
| LOK | |0 040 |a DE-21-58 |c DE-627 |d DE-21-58 | ||
| LOK | |0 541 |e 07-543 | ||
| LOK | |0 689 |a s |0 1310878366 |a Frauenhandel | ||
| LOK | |0 689 |a k |0 1310420122 |a EU | ||
| LOK | |0 852 |a DE-21-58 | ||
| LOK | |0 852 1 |c K III go 4 |m p |9 00 | ||
| LOK | |0 935 |a tsh0 | ||
| LOK | |0 938 |k p | ||
| LOK | |0 939 |a 17-09-07 |b l01 | ||
| LOK | |0 000 xxxxxcx a22 zn 4500 | ||
| LOK | |0 001 310929186X | ||
| LOK | |0 003 DE-627 | ||
| LOK | |0 004 366031899 | ||
| LOK | |0 005 20070524111042 | ||
| LOK | |0 008 070427||||||||||||||||ger||||||| | ||
| LOK | |0 040 |a DE-Frei85 |c DE-627 |d DE-Frei85 | ||
| LOK | |0 852 |a DE-Frei85 | ||
| LOK | |0 852 1 |m p |9 00 | ||
| LOK | |0 938 |k p | ||
| LOK | |0 939 |a 27-04-07 |b l01 | ||
| ORI | |a SA-MARC-krimdoka001.raw | ||
| TIM | |a 100019931101_100020261231 |b 1993-11-01 - 2026 | ||
